List of countries by Aluminium production - Statistics

General Stats
  • This quiz has been taken 157 times
    56 since last reset
  • The average score is 9 of 14
Answer Stats
Rank Countries Aluminium Production (kt) % Correct
3 Russia 3.600
100%
1 China 36.000
98%
9 USA 1.100
98%
4 Canada 2.900
94%
6 Australia 1.580
92%
2 India 3.700
92%
13 South Africa 714
77%
10 Saudi Arabia 932
51%
8 Norway 1.300
45%
5 United Arab Emirates 2.700
42%
12 Malaysia 760
38%
14 Qatar 616
34%
11 Iceland 850
26%
7 Bahrain 1.400
23%
No matching quizzes found
Score Distribution
Percent of People with Each Score
Percentile by Number Answered
Your Score History
You have not taken this quiz since the last reset